| 000 | 00805cam a2200241 a 4500 | ||
|---|---|---|---|
| 001 | 000006339 | ||
| 005 | 20200929153923.0 | ||
| 008 | 901023s1985 sp 000 d spa d | ||
| 020 | _a8440719787 | ||
| 035 | _a(DLC) 90207151 | ||
| 040 |
_aDO-SdBNP _cDLC _dDLC _dBNPHU |
||
| 082 |
_a862.6 _bB928d |
||
| 100 | 1 |
_aBuero Vallejo, Antonio, _d1916-2000 _917657 |
|
| 245 | 1 | 0 |
_aDiálogo secreto : _bfantasía en dos partes / _cAntonio Buero Vallejo ; introducción de Luis Iglesias Feijoo. |
| 260 |
_aMadrid : _bClud Internacional del Libro; _bUniversidad de Alcalá, _c1985. |
||
| 300 |
_a142 p. ; _c21 cm. |
||
| 586 | _aPremio Cervantes 1986. | ||
| 650 | 4 |
_aTeatro español _93071 |
|
| 650 | 4 |
_aLiteratura española _9632 |
|
| 700 | 1 |
_aIglesias Feijoo, Luis, _eintrod. _917658 |
|
| 910 | _aWM | ||
| 049 | _aBNGR | ||
| 999 |
_c6134 _d6134 |
||